000 00692nam a2200241Ia 4500
003 OSt
005 20221007103533.0
006 a|||||r|||| 00| 0
007 ta
008 221006b |||||||| |||| 00| 0 eng d
024 _a13,454
037 _cTextual
040 _aLCO
_cLCO
_beng
041 _2eng
_aeng
082 _aZ73,81, L9
100 _aSpaeth Harold J.
_9698195
245 0 _aSupreme Court Policy Making
_b Explanation and Prediction
260 _aSan
_bFrancisco W.H. Freeman and Company U.S.A.
_c1979
300 _a224
650 _aSupreme Court Policy Making
_9705202
942 _hZ73,81, L9
_cTEXL
999 _c1183017
_d1183017